Modelovanie výrobného procesu pomocou Petriho sietí : Diplomová práca
Na minha lista:
| Autor principal: | |
|---|---|
| Outros Autores: | |
| Formato: | Manuscrito Livro |
| Idioma: | eslovaco |
| Publicado em: |
Trnava :
SVŠT v Bratislave StF KASRVP,
1988
|
| Assuntos: | |
| Tags: |
Sem tags, seja o primeiro a adicionar uma tag!
|
MARC
| LEADER | 00000ntm a22000003a 4500 | ||
|---|---|---|---|
| 001 | stu75652 | ||
| 005 | 20160719162710.8 | ||
| 008 | 020515s1988----cs------------------slo-d | ||
| 040 | |a STU |b slo | ||
| 041 | 0 | |a slo | |
| 044 | |a cs | ||
| 100 | 1 | |a Kavický, Jaroslav |4 aut | |
| 245 | 1 | |a Modelovanie výrobného procesu pomocou Petriho sietí : |b Diplomová práca | |
| 260 | |a Trnava : |b SVŠT v Bratislave StF KASRVP, |c 1988 | ||
| 300 | |a 63 s |c príl. | ||
| 650 | 7 | |a Petriho siete-systémy výrobné |2 stusub | |
| 650 | 7 | |a Systémy automatizované výrobné |2 stusub | |
| 700 | 1 | |a Péri, Štefan |4 xxx | |
| 996 | |b 284M041933 |c M*DP-1533 |l MMSKP |s P |a 0 |w stu75652_0001 | ||